| 000 | 00905nam a2200181Ia 4500 | ||
|---|---|---|---|
| 008 | 151202s9999||||xx |||||||||||||| ||und|| | ||
| 082 | _bPNVM-80575 | ||
| 100 | _aजयप्रकाश नारायण. | ||
| 245 | _aस्वगत ( जयप्रकाश नारायण यांची तुरूंगातीलदैनंदिनी). | ||
| 260 | _b"अभय फिरोदिया, पुणे." | ||
| 260 | _c1976 | ||
| 300 | _a135 | ||
| 600 | _aजयप्रकाश नारायण. | ||
| 630 | _aस्वगत ( जयप्रकाश नारायण यांची तुरूंगातीलदैनंदिनी). | ||
| 700 | _aजयप्रकाश नारायण. | ||
| 730 | _aस्वगत ( जयप्रकाश नारायण यांची तुरूंगातीलदैनंदिनी). | ||
| 942 | _cBOOK | ||
| 999 |
_c1345183 _d1345180 |
||